[Event "Gaia Profigaia op 18th"]
[Site "Vila Nova de Gaia"]
[Date "2018.07.01"]
[Round "7"]
[White "Figueiredo, Jorge"]
[Black "Brandao, Alvaro"]
[Result "0-1"]
[WhiteElo "1194"]
[BlackElo "1653"]
[PlyCount "130"]
[EventDate "2018.06.27"]
[EventType "swiss"]
[EventRounds "7"]
[EventCountry "POR"]
[SourceTitle "CBM 185 Extra"]
[Source "ChessBase"]
[SourceDate "2018.07.29"]
[SourceVersion "1"]
[SourceVersionDate "2018.07.29"]
[SourceQuality "1"]

1. e4 c5 2. Nf3 d6 3. d4 cxd4 4. Nxd4 Nf6 5. Nc3 g6 6. Bc4 Bg7 7. f3 0-0 8. Be3 Nc6 9. Qd2 Bd7 10. 0-0-0 Rc8 11. Bb3 Ne5 12. Rdf1 Nc4 13. Bxc4 Rxc4 14. g4 Qa5 15. Nb3 Qa6 16. Bh6 Rfc8 17. Bxg7 Kxg7 18. g5 Ne8 19. h4 Ba4 20. Kd1 Rxc3 21. bxc3 Bb5 22. Rf2 Qxa2 23. Qc1 Rxc3 24. Qa1 Qxa1+ 25. Nxa1 Ra3 26. Kd2 h5 27. gxh6+ Kxh6 28. Nb3 Nf6 29. Ra1 Rxa1 30. Nxa1 a5 31. Kc3 a4 32. Kb4 Bc6 33. c4 Nd7 34. Nc2 Nc5 35. Ne1 Kh5 36. Rh2 b6 37. Rh1 Ne6 38. Nd3 Nd4 39. Nf4+ Kh6 40. Nd5 Nxf3 41. Rf1 Ne5 42. Nxe7 Bxe4 43. Kxa4 Bd3 44. Rd1 Nxc4 45. Kb3 Ne5 46. Kc3 Bc4 47. Rxd6 b5 48. Rd4 Kh5 49. Rf4 Ng4 50. Ng8 Kxh4 51. Nf6 Kg5 52. Rxg4+ Kxf6 53. Kd4 Kf5 54. Rg2 g5 55. Ke3 b4 56. Rc2 Be6 57. Rf2+ Ke5 58. Rc2 b3 59. Rc5+ Kf6 60. Rb5 Kg6 61. Rb6 Kh5 62. Rb8 Kh4 63. Kf3 Bg4+ 64. Kg2 Bd1 65. Kf2 f5 0-1

[Event "POR-ch Seniors 65"]
[Site "Luso"]
[Date "2018.03.27"]
[Round "3"]
[White "Brandao, Alvaro"]
[Black "Nunes, Adelino Vitor"]
[Result "1-0"]
[WhiteElo "1667"]
[BlackElo "1549"]
[PlyCount "53"]
[EventDate "2018.03.25"]
[EventType "swiss"]
[EventRounds "5"]
[EventCountry "POR"]
[SourceTitle "EXT 2019"]
[Source "ChessBase"]
[SourceDate "2018.10.10"]
[SourceVersion "1"]
[SourceVersionDate "2018.10.10"]
[SourceQuality "1"]

1. e4 d6 2. f4 g6 3. Nf3 Bg7 4. d4 Bg4 5. Nc3 c6 6. Be3 Nd7 7. Bc4 a5 8. Bxf7+ Kxf7 9. Ng5+ Ke8 10. Qxg4 Bf6 11. Ne6 Qb6 12. Na4 Qb4+ 13. Bd2 Qxa4 14. Nc7+ Kf8 15. Nxa8 Qxc2 16. e5 Qe4+ 17. Qe2 Bh4+ 18. Kd1 Qxd4 19. exd6 Qxb2 20. Rc1 Qxa2 21. g3 Qb3+ 22. Ke1 Bf6 23. Nc7 a4 24. Rf1 Qa3 25. Rf3 Qb2 26. Qc4 Qd4 27. Ne6+ 1-0

[Event "POR-ch Seniors 65+"]
[Site "Luso"]
[Date "2016.07.22"]
[Round "2"]
[White "Antao, Jorge"]
[Black "Brandao, Alvaro"]
[Result "1-0"]
[WhiteElo "1823"]
[BlackElo "1610"]
[PlyCount "103"]
[EventDate "2016.07.21"]
[EventType "swiss"]
[EventRounds "5"]
[EventCountry "POR"]
[SourceTitle "EXT 2018"]
[Source "ChessBase"]
[SourceDate "2017.10.13"]
[SourceVersion "1"]
[SourceVersionDate "2017.10.13"]
[SourceQuality "1"]

1. e4 c5 2. Nf3 d6 3. d4 cxd4 4. Nxd4 Nf6 5. Nc3 a6 6. Be3 e5 7. Nf3 Be6 8. Be2 Be7 9. Ng5 Nfd7 10. Nxe6 fxe6 11. Bh5+ g6 12. Bg4 Nf8 13. 0-0 h5 14. Be2 Bg5 15. Bxg5 Qxg5 16. Qxd6 Kf7 17. f4 exf4 18. Rxf4+ Ke8 19. Raf1 Nbd7 20. Rf7 Qc5+ 21. Qxc5 Nxc5 22. Nb5 axb5 23. Bxb5+ Ncd7 24. a4 Rd8 25. c4 g5 26. c5 g4 27. b4 Ng6 28. R1f6 Ngf8 29. a5 Ra8 30. c6 bxc6 31. Bxc6 Rc8 32. Rxf8+ Rxf8 33. Rxf8+ Kxf8 34. Bxd7 Rc4 35. b5 Ke7 36. Bc6 h4 37. a6 g3 38. hxg3 hxg3 39. Kf1 Ra4 40. Bb7 Kd6 41. b6 Ke5 42. a7 Rb4 43. a8Q Rb1+ 44. Ke2 Rb2+ 45. Kf3 Rb3+ 46. Kg4 Rb5 47. Qb8+ Kf6 48. e5+ Kg7 49. Be4 Rb3 50. Qc7+ Kf8 51. Qd6+ Kf7 52. b7 1-0

[Event "Gaia Profigaia op 8th"]
[Site "Vila Nova de Gaia"]
[Date "2015.06.30"]
[Round "6"]
[White "Pipiras, Filipa Fortuna"]
[Black "Brandao, Alvaro"]
[Result "0-1"]
[WhiteElo "1336"]
[BlackElo "1628"]
[PlyCount "110"]
[EventDate "2015.06.27"]
[EventType "swiss"]
[EventRounds "9"]
[EventCountry "POR"]
[SourceTitle "EXT 2018"]
[Source "ChessBase"]
[SourceDate "2017.10.13"]
[SourceVersion "1"]
[SourceVersionDate "2017.10.13"]
[SourceQuality "1"]

1. e4 d5 2. exd5 Nf6 3. Nc3 Nxd5 4. Be2 e5 5. Nf3 Nxc3 6. dxc3 Qxd1+ 7. Bxd1 Bd6 8. 0-0 0-0 9. Re1 Nc6 10. Be2 Re8 11. Bg5 h6 12. Bh4 Bf5 13. Rac1 a6 14. h3 Rac8 15. g4 Be6 16. Bd3 h5 17. Ng5 Be7 18. Nxe6 Bxh4 19. Nc5 hxg4 20. hxg4 Bg5 21. Rcd1 Bf4 22. Be4 g6 23. Rd7 Nb8 24. Rd5 c6 25. Rd6 Rc7 26. Red1 Kf8 27. Nd7+ Ke7 28. Nf6 Rh8 29. Bf3 Bg5 30. Ne4 Bf4 31. Nc5 a5 32. Be2 Bc1 33. b3 Ba3 34. b4 axb4 35. Ne4 b3 36. R6d2 b2 37. c4 Rd7 38. Rxd7+ Nxd7 39. Nc3 Ra8 40. Nb1 Nc5 41. Nc3 Bb4 42. Nb1 Ne4 43. c3 Bxc3 44. a3 Bd4 45. Bd3 Nxf2 46. Rd2 Nxd3+ 47. Kf1 Nf4 48. Ke1 Rh8 49. Kd1 Rh1+ 50. Kc2 Rc1+ 51. Kb3 Rxb1 52. Kc2 Rc1+ 53. Kb3 b1Q+ 54. Ka4 Rxc4+ 55. Ka5 Bb6# 0-1

[Event "POR-ch Seniors"]
[Site "Sao Pedro do Sul"]
[Date "2015.01.13"]
[Round "4"]
[White "Brandao, Alvaro"]
[Black "Mendes, Carlos Alberto De S"]
[Result "1/2-1/2"]
[WhiteElo "1649"]
[BlackElo "1676"]
[PlyCount "93"]
[EventDate "2015.01.11"]
[EventType "swiss"]
[EventRounds "7"]
[EventCountry "POR"]
[SourceTitle "EXT 2018"]
[Source "ChessBase"]
[SourceDate "2017.10.13"]
[SourceVersion "1"]
[SourceVersionDate "2017.10.13"]
[SourceQuality "1"]

1. Nf3 d5 2. c4 e6 3. g3 c5 4. Bg2 Nc6 5. b3 Nf6 6. Bb2 Be7 7. 0-0 0-0 8. e3 Rb8 9. Nc3 Re8 10. cxd5 exd5 11. d4 Be6 12. Ne5 Rc8 13. Rc1 cxd4 14. Nxc6 bxc6 15. exd4 Qa5 16. Na4 Bd7 17. Bc3 Qa6 18. Re1 Bd6 19. Bf1 Qb7 20. Nc5 Bxc5 21. dxc5 Rxe1 22. Bxe1 Bf5 23. f3 Qe7 24. g4 Bg6 25. Bg3 Re8 26. Bf4 Nd7 27. b4 Qe6 28. Kf2 f5 29. Qe1 fxg4 30. Qxe6+ Rxe6 31. fxg4 Kf8 32. b5 cxb5 33. c6 Nb6 34. Bxb5 Be8 35. a4 Ke7 36. Bc7 Nc4 37. Rd1 Bxc6 38. Bxc4 dxc4 39. a5 a6 40. Re1 Rxe1 41. Kxe1 Bf3 42. g5 Ke6 43. Kd2 Kf5 44. Bd8 Kg4 45. Kc3 Be2 46. Kd2 Kf3 47. Bb6 1/2-1/2

[Event "POR-ch Seniors"]
[Site "Sao Pedro do Sul"]
[Date "2015.01.12"]
[Round "2"]
[White "Brandao, Alvaro"]
[Black "Viana, Eduardo Escudeiro"]
[Result "1/2-1/2"]
[WhiteElo "1649"]
[BlackElo "1560"]
[PlyCount "60"]
[EventDate "2015.01.11"]
[EventType "swiss"]
[EventRounds "7"]
[EventCountry "POR"]
[SourceTitle "EXT 2018"]
[Source "ChessBase"]
[SourceDate "2017.10.13"]
[SourceVersion "1"]
[SourceVersionDate "2017.10.13"]
[SourceQuality "1"]

1. e4 e5 2. Nf3 Nc6 3. Bb5 a6 4. Ba4 Nf6 5. 0-0 b5 6. Bb3 Be7 7. Re1 d6 8. c3 0-0 9. h3 Bb7 10. d3 Re8 11. Nbd2 Na5 12. Bc2 c5 13. Nf1 Qc7 14. Ne3 g6 15. c4 Nc6 16. Nd5 Nxd5 17. cxd5 Nd4 18. b3 Rac8 19. Bb2 a5 20. Rc1 Nxf3+ 21. Qxf3 Bg5 22. Rcd1 b4 23. Bc1 Qe7 24. Qg4 Bxc1 25. Rxc1 h5 26. Qg3 Qf6 27. Re3 Qf4 28. Qxf4 exf4 29. Rf3 g5 30. g3 fxg3 1/2-1/2

[Event "Gaia Profigaia op 7th"]
[Site "Vila Nova de Gaia"]
[Date "2014.07.01"]
[Round "6"]
[White "Brandao, Alvaro"]
[Black "Sa, Luis Afonso"]
[Result "1-0"]
[WhiteElo "1635"]
[BlackElo "1474"]
[PlyCount "85"]
[EventDate "2014.06.28"]
[EventType "swiss"]
[EventRounds "9"]
[EventCountry "POR"]
[SourceTitle "CBM 161 Extra"]
[Source "ChessBase"]
[SourceDate "2014.08.29"]
[SourceVersion "1"]
[SourceVersionDate "2014.08.29"]
[SourceQuality "1"]

1. Nf3 b6 2. g3 Bb7 3. Bg2 Nf6 4. Nc3 e6 5. d3 Be7 6. e4 0-0 7. 0-0 d5 8. e5 Nfd7 9. Re1 a6 10. d4 c5 11. Be3 Nc6 12. Ne2 Rc8 13. c3 Na5 14. Nd2 c4 15. f4 b5 16. Nf3 b4 17. cxb4 Bxb4 18. Nc3 Nb6 19. Qc2 h6 20. f5 exf5 21. Qxf5 Qd7 22. Qxd7 Nxd7 23. Bh3 Rc7 24. Re2 Nb6 25. e6 Bc8 26. Bf4 Re7 27. exf7+ Rfxf7 28. Rxe7 Rxe7 29. Bxc8 Bxc3 30. bxc3 Nxc8 31. Rb1 Rb7 32. Re1 Re7 33. Be5 Rf7 34. Kg2 Nc6 35. Re2 Re7 36. Rb2 Kh7 37. g4 N8a7 38. Rb6 Nxe5 39. Nxe5 Nb5 40. g5 Nxc3 41. g6+ Kg8 42. Rb8+ Re8 43. Rxe8# 1-0

[Event "Gaia Profigaia op 7th"]
[Site "Vila Nova de Gaia"]
[Date "2014.06.29"]
[Round "3"]
[White "Pedroso, Manuel"]
[Black "Brandao, Alvaro"]
[Result "0-1"]
[WhiteElo "1364"]
[BlackElo "1635"]
[PlyCount "80"]
[EventDate "2014.06.28"]
[EventType "swiss"]
[EventRounds "9"]
[EventCountry "POR"]
[SourceTitle "CBM 161 Extra"]
[Source "ChessBase"]
[SourceDate "2014.08.29"]
[SourceVersion "1"]
[SourceVersionDate "2014.08.29"]
[SourceQuality "1"]

1. e4 c5 2. Nf3 d6 3. d4 cxd4 4. Nxd4 Nf6 5. Nc3 a6 6. Bg5 e5 7. Nf3 Be7 8. Qd2 Be6 9. 0-0-0 0-0 10. Kb1 b5 11. Ne2 Nxe4 12. Bxe7 Nxd2+ 13. Rxd2 Qxe7 14. Ng3 Nc6 15. Bd3 f5 16. Ne1 e4 17. Be2 d5 18. Bd1 Qb4 19. c3 Qa5 20. Bb3 Rad8 21. Nc2 Kh8 22. Rhd1 f4 23. Ne2 Bg4 24. Re1 Qb6 25. Ned4 a5 26. Nxc6 Qxc6 27. Nd4 Qc5 28. h3 Bc8 29. f3 e3 30. Rd3 a4 31. Bc2 Rf6 32. Ne2 b4 33. Bxa4 Bf5 34. Nxf4 Bxd3+ 35. Nxd3 Qa5 36. Bb3 bxc3 37. Rxe3 cxb2 38. Re7 Qd2 39. Bc2 Rc6 40. Nb4 Qc1# 0-1

[Event "Gaia Profigaia op 7th"]
[Site "Vila Nova de Gaia"]
[Date "2014.06.28"]
[Round "2"]
[White "Brandao, Alvaro"]
[Black "Ferreira, Jorge Viterbo"]
[Result "0-1"]
[WhiteElo "1635"]
[BlackElo "2394"]
[PlyCount "24"]
[EventDate "2014.06.28"]
[EventType "swiss"]
[EventRounds "9"]
[EventCountry "POR"]
[SourceTitle "CBM 161 Extra"]
[Source "ChessBase"]
[SourceDate "2014.08.29"]
[SourceVersion "1"]
[SourceVersionDate "2014.08.29"]
[SourceQuality "1"]

1. Nf3 Nf6 2. c4 g6 3. b4 Bg7 4. Bb2 0-0 5. Nc3 d6 6. Rb1 e5 7. e4 Nc6 8. a3 Nh5 9. h3 f5 10. exf5 e4 11. g4 exf3 12. fxg6 Re8+ 0-1

[Event "EU-ch Seniors 65 Blitz"]
[Site "Porto"]
[Date "2014.03.21"]
[Round "4"]
[White "Brandao, Alvaro"]
[Black "Khmiadashvili, Tamari"]
[Result "1-0"]
[WhiteElo "1628"]
[BlackElo "2024"]
[PlyCount "44"]
[EventDate "2014.03.21"]
[EventType "swiss (blitz)"]
[EventRounds "9"]
[EventCountry "POR"]
[SourceTitle "EXT 2015"]
[Source "ChessBase"]
[SourceDate "2014.11.20"]
[SourceVersion "1"]
[SourceVersionDate "2014.11.20"]
[SourceQuality "1"]

1. Nf3 d5 2. b3 Nf6 3. Bb2 c5 4. e3 Nc6 5. Bb5 Bd7 6. 0-0 e6 7. Bxc6 Bxc6 8. Ne5 Bd6 9. f4 0-0 10. Rf3 Ne8 11. Rh3 f5 12. Nxc6 bxc6 13. Qh5 Nf6 14. Bxf6 Qxf6 15. c3 Qg6 16. Qxg6 hxg6 17. d4 Kf7 18. Nd2 Rh8 19. Rxh8 Rxh8 20. h3 Kf6 21. Nf3 Rb8 22. g4 fxg4 1-0

[Event "POR-ch Seniors"]
[Site "Torres Vedras"]
[Date "2014.01.15"]
[Round "6"]
[White "Brandao, Alvaro"]
[Black "Mendes, Alberto Correia"]
[Result "0-1"]
[WhiteElo "1622"]
[BlackElo "1796"]
[PlyCount "46"]
[EventDate "2014.01.12"]
[EventType "swiss"]
[EventRounds "7"]
[EventCountry "POR"]
[SourceTitle "EXT 2015"]
[Source "ChessBase"]
[SourceDate "2014.11.20"]
[SourceVersion "1"]
[SourceVersionDate "2014.11.20"]
[SourceQuality "1"]

1. Nf3 Nf6 2. b3 e6 3. Bb2 d5 4. e3 Be7 5. Be2 0-0 6. 0-0 c5 7. d3 b6 8. Nbd2 Nbd7 9. Ne5 Nxe5 10. Bxe5 Nd7 11. Bb2 Qc7 12. f4 Bb7 13. Qe1 Bf6 14. Bxf6 Nxf6 15. Qh4 Qd8 16. g4 h6 17. Nf3 Nh7 18. g5 Rc8 19. Rf2 Rc7 20. Rg2 f5 21. Ne5 d4 22. e4 fxe4 23. gxh6 Qxh4 0-1

[Event "POR-ch Seniors"]
[Site "Torres Vedras"]
[Date "2014.01.12"]
[Round "1"]
[White "Santos, Julio Fernandes"]
[Black "Brandao, Alvaro"]
[Result "1-0"]
[WhiteElo "1957"]
[BlackElo "1622"]
[PlyCount "113"]
[EventDate "2014.01.12"]
[EventType "swiss"]
[EventRounds "7"]
[EventCountry "POR"]
[SourceTitle "EXT 2015"]
[Source "ChessBase"]
[SourceDate "2014.11.20"]
[SourceVersion "1"]
[SourceVersionDate "2014.11.20"]
[SourceQuality "1"]

1. e4 c5 2. Nf3 d6 3. Bc4 Nf6 4. Qe2 Nbd7 5. 0-0 e6 6. d4 b6 7. e5 d5 8. exf6 dxc4 9. fxg7 Bxg7 10. d5 e5 11. Qxc4 Bb7 12. Qg4 Kf8 13. c4 h5 14. Qf5 Bf6 15. Nc3 Bc8 16. Ne4 Bg7 17. Nfg5 Nf6 18. Qxe5 h4 19. Bf4 Ng4 20. Qd6+ Qxd6 21. Bxd6+ Kg8 22. h3 Ne5 23. b3 f5 24. Nd2 Nd3 25. Rad1 Nb4 26. Rde1 Bc3 27. Re8+ Kg7 28. Rxh8 Kxh8 29. Ndf3 Nd3 30. Nxh4 Bd7 31. Rd1 Nb4 32. a3 Na2 33. Be5+ Kg8 34. f4 Re8 35. Nhf3 b5 36. Rd3 b4 37. axb4 cxb4 38. Kf2 Nc1 39. Re3 Nxb3 40. Bxc3 Rxe3 41. Kxe3 bxc3 42. Kd3 Nc1+ 43. Kxc3 Ne2+ 44. Kb4 Nxf4 45. Nh4 Nd3+ 46. Kc3 Nc5 47. Nhf3 Kg7 48. Ne5 Bc8 49. Kb4 Kf6 50. Kxc5 Kxe5 51. g3 Bd7 52. h4 a5 53. Nf3+ Ke4 54. h5 f4 55. h6 Bf5 56. gxf4 Kxf3 57. d6 1-0

[Event "St Joao da Madeira op 10th"]
[Site "Sao Joao da Madeira"]
[Date "2013.10.12"]
[Round "5.22"]
[White "Brandao, Alvaro"]
[Black "Marques, Jose Carlos Oliveir"]
[Result "1-0"]
[WhiteElo "1634"]
[BlackElo "1467"]
[PlyCount "85"]
[EventDate "2013.10.05"]
[EventType "swiss"]
[EventRounds "7"]
[EventCountry "POR"]
[SourceTitle "EXT 2015"]
[Source "ChessBase"]
[SourceDate "2014.11.20"]
[SourceVersion "1"]
[SourceVersionDate "2014.11.20"]
[SourceQuality "1"]

1. Nf3 d5 2. b3 Nf6 3. Bb2 e6 4. e3 c5 5. Bb5+ Bd7 6. Qe2 Nc6 7. 0-0 Bd6 8. d3 a6 9. Bxc6 Bxc6 10. Ne5 Qc7 11. f4 Nd7 12. Nxc6 Qxc6 13. Nd2 e5 14. f5 0-0-0 15. c4 d4 16. a4 Nf6 17. e4 h5 18. h3 Rdg8 19. Nf3 Be7 20. Nxe5 Qe8 21. Nf3 g5 22. fxg6 Rxg6 23. Rf2 Ng4 24. hxg4 hxg4 25. Ne5 Rgh6 26. Qxg4+ Kb8 27. Kf1 Rh1+ 28. Ke2 Rxa1 29. Bxa1 Rh1 30. Bb2 Rb1 31. Kf3 Qh8 32. Nxf7 Qh1 33. Kf4 Rxb2 34. Rxb2 Qc1+ 35. Ke5 Qxb2 36. Qd7 Bh4 37. Qg4 Qf2 38. Qg8+ Ka7 39. Kd5 Qf6 40. Qe8 Qb6 41. Nd6 Qxb3 42. Nc8+ Kb8 43. Nb6+ 1-0

[Event "St Joao da Madeira op 10th"]
[Site "Sao Joao da Madeira"]
[Date "2013.10.06"]
[Round "3.9"]
[White "Brandao, Alvaro"]
[Black "Cruz, Jorge Filipe Egas"]
[Result "1/2-1/2"]
[WhiteElo "1634"]
[BlackElo "2038"]
[PlyCount "114"]
[EventDate "2013.10.05"]
[EventType "swiss"]
[EventRounds "7"]
[EventCountry "POR"]
[SourceTitle "EXT 2015"]
[Source "ChessBase"]
[SourceDate "2014.11.20"]
[SourceVersion "1"]
[SourceVersionDate "2014.11.20"]
[SourceQuality "1"]

1. c4 e5 2. Nc3 Bb4 3. Nf3 Bxc3 4. bxc3 d6 5. e4 b6 6. d4 Nc6 7. Be3 Nf6 8. dxe5 dxe5 9. Qxd8+ Kxd8 10. Bg5 Ke7 11. 0-0-0 Be6 12. Be2 h6 13. Bxf6+ gxf6 14. Nd2 Na5 15. g3 h5 16. f4 Bg4 17. Bxg4 hxg4 18. fxe5 fxe5 19. Rdf1 Rh6 20. Rf2 Rc6 21. h4 gxh3 22. Rxh3 Nxc4 23. Rh7 Nd6 24. Kc2 Rg8 25. Rf3 Rg6 26. Rh5 Ke6 27. Rh4 Rf6 28. Rxf6+ Kxf6 29. Rg4 Nc4 30. Rg8 Nxd2 31. Kxd2 Rc4 32. Kd3 Ra4 33. g4 Rxa2 34. g5+ Ke7 35. Rc8 c5 36. Kc4 Rd2 37. Rg8 Rd6 38. Ra8 a5 39. Ra7+ Kf8 40. Ra8+ Kg7 41. Re8 Re6 42. Rd8 Kg6 43. Rg8+ Kh5 44. Rg7 Rg6 45. Rxf7 Kxg5 46. Rf5+ Kg4 47. Rxe5 Kf4 48. Re8 Rg1 49. e5 a4 50. e6 Ke5 51. Rb8 Rg4+ 52. Kb5 Kxe6 53. Rxb6+ Kd5 54. Rb8 Rg5 55. Rd8+ Ke4 56. Kxa4 Rg3 57. Kb3 Rd3 1/2-1/2